Asymetrický fan chart - grafická prezentácia rizika predikcie inflácie
Asymetrické rozloženie rizika predikcie. Ilustračný príklad asymetrického fan chartu s prevládajúcimi prorastovými rizikami. Vyhodnotenie rizík predikcie inflácie P2Q-2009.
Salvato in:
| Autore principale: | |
|---|---|
| Altri autori: | |
| Natura: | Capitolo di libro |
| Lingua: | slovacco |
| Soggetti: | |
| Tags: |
Nessun Tag, puoi essere il primo ad aggiungerne!!
|
MARC
| LEADER | 00000naa$a2200000$$$4500 | ||
|---|---|---|---|
| 001 | 0098731 | ||
| 005 | 20231116085538.3 | ||
| 041 | 0 | |a slo | |
| 044 | |a SK | ||
| 245 | 1 | 0 | |a Asymetrický fan chart - grafická prezentácia rizika predikcie inflácie |c Juraj Huček, Miroslav Gavura |
| 520 | |a Asymetrické rozloženie rizika predikcie. Ilustračný príklad asymetrického fan chartu s prevládajúcimi prorastovými rizikami. Vyhodnotenie rizík predikcie inflácie P2Q-2009. | ||
| 610 | 2 | 0 | |a prognózy hospodárske |
| 610 | 2 | 0 | |a inflácia |
| 610 | 2 | 0 | |a riziko bankové |
| 610 | 2 | 0 | |a riziko finančné |
| 610 | 2 | 0 | |a ukazovatele makroekonomické |
| 610 | 2 | 0 | |a modely prognostické |
| 100 | 1 | |a Huček, Juraj | |
| 700 | 1 | |a Gavura, Miroslav | |